书目信息 |
| 题名: |
营造本土化城市公共空间景观
|
|
| 作者: | 韩波 著 | |
| 分册: | ||
| 出版信息: | 北京 文化艺术出版社 2021.06 |
|
| 页数: | 284页 | |
| 开本: | 24cm | |
| 丛书名: | ||
| 单 册: | ||
| 中图分类: | TU984.11 | |
| 科图分类: | ||
| 主题词: | 城市空间--cheng shi kong jian--景观设计--研究 | |
| 电子资源: | ||
| ISBN: | 978-7-5039-7006-1 | |
| 000 | 01088nam0 2200265 450 | |
| 001 | 202021193248 | |
| 005 | 20211025120136.0 | |
| 010 | @a978-7-5039-7006-1@b精装@dCNY98.00 | |
| 100 | @a20210927d2021 em y0chiy50 ea | |
| 101 | 0 | @achi |
| 102 | @aCN@b110000 | |
| 105 | @aa a 000yy | |
| 106 | @ar | |
| 200 | 1 | @a营造本土化城市公共空间景观@Aying zao ben tu hua cheng shi gong gong kong jian jing guan@d= Crete local landscape of urban public space@f韩波著@zeng |
| 210 | @a北京@c文化艺术出版社@d2021.06 | |
| 215 | @a284页@c彩图@d24cm | |
| 300 | @a曲阜师范大学科研基金资助 | |
| 320 | @a有书目 (第271-276页) | |
| 330 | @a本文提出公共空间景观设计本土化的两种思路, 即是面对本土传统园林景观文化和西方现代景观设计先进的理论和经验如何取舍、吸纳、消化和变通。内容包括: 纳入景观设计范畴的城市公共空间 ; 当代中国城市公共空间设计等。 | |
| 510 | 1 | @aCrete local landscape of urban public space@zeng |
| 606 | 0 | @a城市空间@Acheng shi kong jian@x景观设计@x研究 |
| 690 | @aTU984.11@v5 | |
| 701 | 0 | @a韩波@Ahan bo@4著 |
| 801 | 0 | @aCN@c20210909 |
| 905 | @a河南城建学院图书馆@dTU984.11@eH076 | |
| 营造本土化城市公共空间景观= Crete local landscape of urban public space/韩波著.-北京:文化艺术出版社,2021.06 |
| 284页:彩图;24cm |
| 曲阜师范大学科研基金资助 |
| ISBN 978-7-5039-7006-1(精装):CNY98.00 |
| 本文提出公共空间景观设计本土化的两种思路, 即是面对本土传统园林景观文化和西方现代景观设计先进的理论和经验如何取舍、吸纳、消化和变通。内容包括: 纳入景观设计范畴的城市公共空间 ; 当代中国城市公共空间设计等。 |
| ● |
| 相关链接 |
|
|
|
正题名:营造本土化城市公共空间景观
索取号:TU984.11/H076
 
预约/预借
| 序号 | 登录号 | 条形码 | 馆藏地/架位号 | 状态 | 备注 |
| 1 | 1542217 | 215422175 | 建筑库201/201建筑库 62排3列4层/ [索取号:TU984.11/H076] | 在馆 |